[Event "Chess.com Play In Match Div 3"]
[Site "Chess.com INT"]
[Date "2024.05.09"]
[Round "1.1"]
[White "Durarbayli, Vasif"]
[Black "Kantans, Toms"]
[Result "1-0"]
[WhiteElo "2627"]
[BlackElo "2481"]
[PlyCount "141"]
[EventDate "2024.05.09"]
[EventType "k.o. (rapid)"]
[EventRounds "1"]
[EventCountry "USA"]
[SourceTitle "CB21_2024"]
[SourceDate "2024.05.22"]
[SourceVersion "1"]
[SourceVersionDate "2024.05.22"]
[SourceQuality "1"]

1. e4 c5 2. Nf3 e6 3. d4 cxd4 4. Nxd4 Nc6 5. Nc3 Qc7 6. Be2 a6 7. Nxc6 dxc6 8. 0-0 Be7 9. f4 b5 10. Kh1 Bb7 11. Qd3 c5 12. a4 Rd8 13. Qe3 b4 14. Nb1 Nf6 15. Nd2 0-0 16. e5 Nd5 17. Qh3 f5 18. exf6 Rxf6 19. Ne4 Rh6 20. Qg3 Rg6 21. Ng5 c4 22. Bh5 Rf6 23. Bg4 Qc6 24. Qh3 Rh6 25. Bxe6+ Kf8 26. Bxd5 Rxd5 27. Qg3 Kg8 28. Be3 Rf5 29. Rae1 Bd6 30. Qg4 Rh4 31. Qf3 Qxf3 32. Nxf3 Rh6 33. Kg1 Re6 34. Nd4 Rff6 35. Nxe6 Rxe6 36. Bd4 Rg6 37. g3 h5 38. Re8+ Kh7 39. Kf2 Bc6 40. Re3 Bxa4 41. b3 Bb5 42. Rfe1 c3 43. Re6 Bd7 44. Rxg6 Kxg6 45. Ra1 Bb5 46. Rd1 Be7 47. Be3 Kf7 48. Rd5 g6 49. f5 gxf5 50. Rxf5+ Kg6 51. Rd5 Bc6 52. Re5 Kf7 53. Ke1 Bf6 54. Rf5 Be4 55. Rf4 Bxc2 56. Bd4 Ke6 57. Rxf6+ Kd5 58. Rf4 Bxb3 59. Bb6 Bc4 60. Ba5 Kc5 61. Rf5+ Bd5 62. Bxb4+ Kxb4 63. Rxd5 Kb3 64. Rd8 a5 65. Kd1 a4 66. Kc1 a3 67. Rb8+ Ka2 68. Kc2 h4 69. Rb3 h3 70. g4 Ka1 71. Rxa3# 1-0

[Event "Chess.com Play In Match Div 3"]
[Site "Chess.com INT"]
[Date "2024.05.09"]
[Round "1.2"]
[White "Kantans, Toms"]
[Black "Durarbayli, Vasif"]
[Result "1/2-1/2"]
[WhiteElo "2481"]
[BlackElo "2627"]
[PlyCount "121"]
[EventDate "2024.05.09"]
[EventType "k.o. (rapid)"]
[EventRounds "1"]
[EventCountry "USA"]
[SourceTitle "CB21_2024"]
[SourceDate "2024.05.22"]
[SourceVersion "1"]
[SourceVersionDate "2024.05.22"]
[SourceQuality "1"]

1. e4 e5 2. Nf3 Nc6 3. Bb5 a6 4. Ba4 Nf6 5. d3 b5 6. Bb3 Bc5 7. 0-0 0-0 8. a4 Rb8 9. axb5 axb5 10. Nc3 d6 11. Bg5 h6 12. Bxf6 Qxf6 13. Nd5 Qd8 14. c3 Bg4 15. h3 Bxf3 16. Qxf3 b4 17. Bc4 bxc3 18. bxc3 Ne7 19. Ne3 c6 20. Rfb1 Rxb1+ 21. Rxb1 Bxe3 22. Qxe3 d5 23. exd5 cxd5 24. Bb5 Qc7 25. Re1 Ng6 26. c4 d4 27. Qe4 Rc8 28. h4 Qa5 29. g3 f5 30. Qd5+ Kh7 31. Kf1 Qc3 32. h5 Qxd3+ 33. Kg2 Ne7 34. Qxe5 Ng8 35. Bd7 Rf8 36. c5 f4 37. c6 Kh8 38. c7 fxg3 39. fxg3 Qf3+ 40. Kh3 d3 41. Bg4 Qc6 42. c8Q Rxc8 43. Bxc8 Qxc8+ 44. Qe6 Qc3 45. Rd1 Nf6 46. Qe3 Qc8+ 47. Kg2 Qc2+ 48. Qd2 Qc6+ 49. Kg1 Nxh5 50. Qxd3 Nf6 51. Qe3 Qc7 52. Re1 Kh7 53. Qd3+ Kh8 54. Rb1 Qa7+ 55. Kg2 Qa8+ 56. Kh2 Ng4+ 57. Kg1 Qa7+ 58. Kg2 Qa8+ 59. Kg1 Qa7+ 60. Kg2 Qa8+ 61. Kg1 1/2-1/2

[Event "Chess.com Classic Play In"]
[Site "Chess.com INT"]
[Date "2024.05.08"]
[Round "1"]
[White "Kantans, Toms"]
[Black "Ivic, Velimir"]
[Result "0-1"]
[WhiteElo "2481"]
[BlackElo "2596"]
[PlyCount "80"]
[EventDate "2024.05.08"]
[EventType "swiss (rapid)"]
[EventRounds "9"]
[EventCountry "USA"]
[SourceTitle "CB20_2024"]
[SourceDate "2024.05.16"]
[SourceVersion "1"]
[SourceVersionDate "2024.05.16"]
[SourceQuality "1"]

1. e4 c5 2. Nf3 d6 3. Bb5+ Nd7 4. a4 Ngf6 5. Nc3 g6 6. a5 a6 7. Bc4 Bg7 8. Bxf7+ Kxf7 9. Ng5+ Kg8 10. Ne6 Qe8 11. Nc7 Qf7 12. Nxa8 Ne5 13. h3 Nh5 14. d3 Nc6 15. Nb6 Be6 16. Ncd5 g5 17. c3 h6 18. Be3 Kh7 19. d4 cxd4 20. cxd4 Rf8 21. 0-0 Nf4 22. Ra3 Nxh3+ 23. gxh3 Bxh3 24. Re1 Qe6 25. Nc7 Qg6 26. Bc1 g4 27. e5 Rf3 28. Ncd5 dxe5 29. dxe5 Nxe5 30. Nxe7 g3 31. Rxf3 gxf2+ 32. Kxf2 Qg2+ 33. Ke3 Qg5+ 34. Kf2 Qg2+ 35. Ke3 Qg5+ 36. Rf4 Qxe7 37. Nd5 Qc5+ 38. Ke2 Be6 39. Ne3 Qb5+ 40. Kd2 Qd3# 0-1

[Event "Chess.com Classic Play In"]
[Site "Chess.com INT"]
[Date "2024.05.08"]
[Round "3"]
[White "Sjugirov, Sanan"]
[Black "Kantans, Toms"]
[Result "0-1"]
[WhiteElo "2692"]
[BlackElo "2481"]
[PlyCount "72"]
[EventDate "2024.05.08"]
[EventType "swiss (rapid)"]
[EventRounds "9"]
[EventCountry "USA"]
[SourceTitle "CB20_2024"]
[SourceDate "2024.05.16"]
[SourceVersion "1"]
[SourceVersionDate "2024.05.16"]
[SourceQuality "1"]

1. e4 c5 2. Nf3 Nf6 3. e5 Nd5 4. c3 Nc6 5. Bc4 Nb6 6. Bb3 c4 7. Bc2 Qc7 8. Qe2 g5 9. h3 Bg7 10. 0-0 Nxe5 11. Nxg5 h6 12. Nf3 d5 13. Re1 Nxf3+ 14. Qxf3 0-0 15. d4 cxd3 16. Qxd3 f5 17. f4 e6 18. Na3 a6 19. Bb3 Bd7 20. Nc2 Nc4 21. Nd4 Rae8 22. Bxc4 dxc4 23. Qd1 e5 24. fxe5 Rxe5 25. Bd2 Re4 26. Qf3 Bc6 27. Qh5 Rxd4 28. cxd4 Qg3 29. Re2 Bxd4+ 30. Kh1 f4 31. Be1 Qg7 32. Bc3 f3 33. Bxd4 fxg2+ 34. Kh2 Rf1 35. Rae1 g1Q+ 36. Bxg1 Qxg1# 0-1

[Event "Titled Tuesday intern op 27th Feb Late"]
[Site "Chess.com INT"]
[Date "2024.02.27"]
[Round "1"]
[White "Eggleston, Thomas"]
[Black "Kantans, Toms"]
[Result "0-1"]
[WhiteElo "2188"]
[BlackElo "2482"]
[PlyCount "46"]
[EventDate "2024.02.27"]
[EventType "swiss (blitz)"]
[EventRounds "11"]
[EventCountry "USA"]
[SourceTitle "CB10_2024"]
[SourceDate "2024.03.06"]
[SourceVersion "1"]
[SourceVersionDate "2024.03.06"]
[SourceQuality "1"]

1. e4 c5 2. Nf3 Nf6 3. e5 Nd5 4. Nc3 e6 5. Nxd5 exd5 6. d4 Nc6 7. dxc5 Bxc5 8. Qxd5 Qb6 9. Bc4 Bxf2+ 10. Kd1 0-0 11. c3 d6 12. exd6 Be6 13. Qd3 Bxc4 14. Qxc4 Rad8 15. Bf4 Qxb2 16. Rc1 Rfe8 17. Rc2 Qb1+ 18. Rc1 Qf5 19. h3 Re4 20. Qf1 Rxf4 21. Qxf2 Rxd6+ 22. Ke1 Ne5 23. Qc5 Nd3+ 0-1

[Event "Titled Tuesday intern op 27th Feb Late"]
[Site "Chess.com INT"]
[Date "2024.02.27"]
[Round "3"]
[White "Kantans, Toms"]
[Black "Pichot, Alan"]
[Result "0-1"]
[WhiteElo "2482"]
[BlackElo "2644"]
[PlyCount "76"]
[EventDate "2024.02.27"]
[EventType "swiss (blitz)"]
[EventRounds "11"]
[EventCountry "USA"]
[SourceTitle "CB10_2024"]
[SourceDate "2024.03.06"]
[SourceVersion "1"]
[SourceVersionDate "2024.03.06"]
[SourceQuality "1"]

1. e4 c5 2. Nf3 e6 3. d4 cxd4 4. Nxd4 Nc6 5. Nc3 Qc7 6. Be3 a6 7. Qf3 Ne5 8. Qg3 h5 9. 0-0-0 h4 10. Qh3 b5 11. f4 Nc4 12. Bxc4 Qxc4 13. Kb1 Bb7 14. Rhe1 Rc8 15. e5 Bb4 16. Rd3 Ne7 17. a3 Ba5 18. Nb3 Bd8 19. g4 Nd5 20. Bd2 Nxf4 21. Bxf4 Qxf4 22. Red1 Rc7 23. Na5 Ba8 24. Rd4 Qxe5 25. Qd3 d5 26. Nxb5 axb5 27. Qxb5+ Rd7 28. c4 Bxa5 29. Qxa5 0-0 30. c5 Rb8 31. Qc3 Bc6 32. b4 Ra7 33. h3 Rba8 34. Kb2 Rxa3 35. Qxa3 Rxa3 36. Kxa3 Bb5 37. R1d2 Qe1 38. Kb2 Qe3 0-1

[Event "Chessable Masters Play In"]
[Site "Chess.com INT"]
[Date "2024.01.31"]
[Round "6"]
[White "Bosiocic, Marin"]
[Black "Kantans, Toms"]
[Result "1-0"]
[WhiteElo "2549"]
[BlackElo "2475"]
[PlyCount "101"]
[EventDate "2024.01.31"]
[EventType "swiss (rapid)"]
[EventRounds "9"]
[EventCountry "USA"]
[SourceTitle "CB06_2024"]
[SourceDate "2024.02.07"]
[SourceVersion "1"]
[SourceVersionDate "2024.02.07"]
[SourceQuality "1"]

1. Nf3 c5 2. c4 Nc6 3. Nc3 g6 4. e3 Nf6 5. d4 cxd4 6. exd4 d5 7. cxd5 Nxd5 8. Qb3 Nxc3 9. Bc4 Nd5 10. Bxd5 e6 11. Bxc6+ bxc6 12. 0-0 Qb6 13. Qc3 Bg7 14. Ne5 0-0 15. Be3 Ba6 16. Rfc1 Rfc8 17. Nd7 Qc7 18. Nc5 Bb7 19. Re1 Rd8 20. g3 a5 21. Bf4 Qb6 22. Be5 Rd5 23. Bxg7 Kxg7 24. Re5 Rad8 25. Rxd5 Rxd5 26. Re1 Bc8 27. Re5 Qd8 28. Rxd5 cxd5 29. f4 g5 30. Qe3 h6 31. Kf2 Qb6 32. b3 f6 33. h4 gxh4 34. gxh4 Qb4 35. h5 Qa3 36. Qd2 e5 37. fxe5 fxe5 38. Ke3 e4 39. Qg2+ Kf7 40. Qf1+ Ke7 41. Qg1 Kf8 42. Qf2+ Ke8 43. Qc2 Qb4 44. Nd3 Qb7 45. Ne5 Be6 46. Qg2 Qc7 47. Kd2 Qh7 48. Qf1 Qf5 49. Qb5+ Kf8 50. Qb8+ Kg7 51. Qc7+ 1-0

[Event "Chessable Masters Play In"]
[Site "Chess.com INT"]
[Date "2024.01.31"]
[Round "1"]
[White "Kantans, Toms"]
[Black "Malakhov, Vladimir"]
[Result "0-1"]
[WhiteElo "2475"]
[BlackElo "2648"]
[PlyCount "78"]
[EventDate "2024.01.31"]
[EventType "swiss (rapid)"]
[EventRounds "9"]
[EventCountry "USA"]
[SourceTitle "CB06_2024"]
[SourceDate "2024.02.07"]
[SourceVersion "1"]
[SourceVersionDate "2024.02.07"]
[SourceQuality "1"]

1. e4 e5 2. Nf3 Nc6 3. d4 exd4 4. Nxd4 Bc5 5. Nb3 Bb6 6. Nc3 d6 7. Bf4 Nf6 8. Qd2 0-0 9. 0-0-0 a5 10. a4 Be6 11. Kb1 Nb4 12. Nd4 d5 13. Nxe6 fxe6 14. exd5 Nfxd5 15. Nxd5 Qxd5 16. Qxd5 Nxd5 17. Bc1 Rxf2 18. g3 c6 19. Bh3 Re8 20. Rde1 e5 21. Bf1 e4 22. Bc4 e3 23. h4 Re4 24. Bb3 Kf8 25. c3 h5 26. Bc2 Re5 27. Bd3 Nf6 28. Re2 Ne4 29. Rg1 Nc5 30. Bc4 Re4 31. Bxe3 Rxe2 32. Rf1+ Ke7 33. Bg5+ Kd7 34. Bxe2 Rxe2 35. Rf7+ Ke8 36. Rxg7 Nxa4 37. Rxb7 Rxb2+ 38. Ka1 Rb5 39. Bf6 Bd8 0-1

[Event "Titled Tuesday intern op 09th Jan Early"]
[Site "Chess.com INT"]
[Date "2024.01.09"]
[Round "11"]
[White "Kantans, Toms"]
[Black "Hungaski, Robert Andrew"]
[Result "0-1"]
[WhiteElo "2475"]
[BlackElo "2471"]
[PlyCount "42"]
[EventDate "2024.01.09"]
[EventType "swiss (blitz)"]
[EventRounds "11"]
[EventCountry "USA"]
[SourceTitle "CB03_2024"]
[SourceDate "2024.01.17"]
[SourceVersion "1"]
[SourceVersionDate "2024.01.17"]
[SourceQuality "1"]

1. e4 e5 2. Nf3 Nc6 3. d4 exd4 4. Nxd4 Qh4 5. Nb5 Bb4+ 6. c3 Ba5 7. Bd3 a6 8. N5a3 Bb6 9. 0-0 Nf6 10. h3 Ne5 11. Bc2 d5 12. Be3 Bxh3 13. Bxb6 Bxg2 14. Kxg2 Qg5+ 15. Kh3 Nfg4 16. Rh1 cxb6 17. Qd2 Qf6 18. Kg3 Qf3+ 19. Kh4 Ng6+ 20. Kh5 Nf6+ 21. Kg5 h6+ 0-1

[Event "Titled Tuesday intern op 09th Jan Early"]
[Site "Chess.com INT"]
[Date "2024.01.09"]
[Round "8"]
[White "Kantans, Toms"]
[Black "Pichot, Alan"]
[Result "0-1"]
[WhiteElo "2475"]
[BlackElo "2644"]
[PlyCount "62"]
[EventDate "2024.01.09"]
[EventType "swiss (blitz)"]
[EventRounds "11"]
[EventCountry "USA"]
[SourceTitle "CB03_2024"]
[SourceDate "2024.01.17"]
[SourceVersion "1"]
[SourceVersionDate "2024.01.17"]
[SourceQuality "1"]

1. e4 c5 2. Nf3 e6 3. d4 cxd4 4. Nxd4 Nc6 5. Nc3 Qc7 6. Be3 a6 7. Qf3 Ne5 8. Qg3 h5 9. f4 h4 10. Qh3 Nc4 11. Bxc4 Qxc4 12. 0-0-0 b5 13. Kb1 Bb7 14. Rhe1 Rc8 15. g4 Bb4 16. Bc1 Nf6 17. e5 Bxc3 18. Qxc3 Qxc3 19. bxc3 Ne4 20. Ne2 Nf2 21. Rd4 Nxg4 22. h3 Nf2 23. f5 Nxh3 24. Rf1 Bg2 25. Rfd1 Nf2 26. Rg1 h3 27. Bf4 exf5 28. Bh2 Ng4 29. Bg3 h2 30. Bxh2 Rxh2 31. Nf4 Bc6 0-1

[Event "Riga Christmas"]
[Site "Riga"]
[Date "2023.12.10"]
[Round "9"]
[White "Valdats, Reinis"]
[Black "Kantans, Toms"]
[Result "0-1"]
[WhiteElo "2154"]
[BlackElo "2483"]
[PlyCount "84"]
[EventDate "2023.12.04"]
[EventType "tourn"]
[EventRounds "9"]
[EventCountry "LAT"]
[EventCategory "2"]
[SourceTitle "CB50_2023"]
[SourceDate "2023.12.13"]
[SourceVersion "1"]
[SourceVersionDate "2023.12.13"]
[SourceQuality "1"]

1. e4 d5 2. exd5 Qxd5 3. Nc3 Qd6 4. d4 g6 5. Nf3 Bg7 6. Be3 Nh6 7. Qd2 Nf5 8. Bf4 Qd8 9. 0-0-0 0-0 10. Kb1 Nd7 11. g4 Nd6 12. Bh6 Nf6 13. Bxg7 Kxg7 14. h3 c6 15. Ne5 Be6 16. f4 Qa5 17. b3 Nd5 18. Nxd5 Qxd2 19. Rxd2 Bxd5 20. Bg2 Bxg2 21. Rxg2 Nb5 22. Rd2 Rad8 23. Nf3 Nc3+ 24. Kb2 Nd5 25. Re1 e6 26. Re4 Rd6 27. Rde2 f5 28. Rxe6 Rxe6 29. Rxe6 Nxf4 30. Re7+ Rf7 31. Rxf7+ Kxf7 32. gxf5 gxf5 33. h4 Kg6 34. Kc3 Kh5 35. Kd2 Kg4 36. Ke3 Ng2+ 37. Ke2 Nxh4 38. Ne5+ Kg3 39. c4 f4 40. d5 f3+ 41. Kf1 Nf5 42. dxc6 Ne3+ 0-1

[Event "Riga Christmas"]
[Site "Riga"]
[Date "2023.12.06"]
[Round "4"]
[White "Prydun, Andriy"]
[Black "Kantans, Toms"]
[Result "1/2-1/2"]
[WhiteElo "2159"]
[BlackElo "2483"]
[PlyCount "120"]
[EventDate "2023.12.04"]
[EventType "tourn"]
[EventRounds "9"]
[EventCountry "LAT"]
[EventCategory "2"]
[SourceTitle "CB50_2023"]
[SourceDate "2023.12.13"]
[SourceVersion "1"]
[SourceVersionDate "2023.12.13"]
[SourceQuality "1"]

1. e4 c5 2. d4 cxd4 3. c3 Nf6 4. e5 Nd5 5. Nf3 Nc6 6. cxd4 d6 7. Bc4 dxe5 8. Nxe5 e6 9. Qf3 Qc7 10. Nxc6 bxc6 11. Nd2 Be7 12. 0-0 0-0 13. Nb3 Rd8 14. Be3 Rb8 15. Rfc1 a5 16. Bd2 a4 17. Ba5 Nb6 18. Nc5 Qa7 19. Qc3 e5 20. Qf3 Bg5 21. Re1 Rf8 22. Bxb6 Qxb6 23. Nd3 Be6 24. Bxe6 fxe6 25. Qg4 Qxd4 26. Qxe6+ Kh8 27. Qxe5 Qxd3 28. Qxg5 Qd4 29. Qe3 Qxb2 30. Qe2 h6 31. Rac1 a3 32. f3 Rfd8 33. Rc2 Qd4+ 34. Qe3 Rb2 35. Qxd4 Rxd4 36. Ree2 Rdb4 37. Kf2 Rxc2 38. Rxc2 Rb2 39. Re2 c5 40. Ke1 c4 41. Kd1 c3 42. Rc2 g5 43. g3 Kg7 44. h4 gxh4 45. gxh4 Kg6 46. Rxc3 Rxa2 47. Kc1 Kh5 48. Kb1 Rb2+ 49. Kc1 Ra2 50. Kb1 Rh2 51. Rxa3 Kxh4 52. Kc1 h5 53. Kd1 Kg3 54. f4+ Kxf4 55. Ke1 Rg2 56. Kf1 Rg4 57. Kf2 Kg5 58. Rg3 Kh4 59. Rxg4+ hxg4 60. Kg2 g3 1/2-1/2

[Event "Riga Christmas"]
[Site "Riga"]
[Date "2023.12.05"]
[Round "2"]
[White "Eliseev, Sergey1"]
[Black "Kantans, Toms"]
[Result "0-1"]
[WhiteElo "2250"]
[BlackElo "2483"]
[PlyCount "116"]
[EventDate "2023.12.04"]
[EventType "tourn"]
[EventRounds "9"]
[EventCountry "LAT"]
[EventCategory "2"]
[SourceTitle "CB50_2023"]
[SourceDate "2023.12.13"]
[SourceVersion "1"]
[SourceVersionDate "2023.12.13"]
[SourceQuality "1"]

1. e4 c5 2. Nf3 e6 3. d4 cxd4 4. Nxd4 Nc6 5. Nc3 Qc7 6. Be3 a6 7. Qd2 Nf6 8. 0-0-0 Be7 9. f3 b5 10. g4 Nxd4 11. Qxd4 Bb7 12. g5 Nh5 13. Kb1 Rc8 14. Qd2 g6 15. Bh3 b4 16. Na4 0-0 17. Bg4 d5 18. Bxh5 gxh5 19. Nb6 Rcd8 20. exd5 Bc5 21. Bxc5 Qxc5 22. Qd4 Qb5 23. d6 Bxf3 24. d7 Bxh1 25. Rxh1 Rb8 26. Nc8 Rbxc8 27. dxc8Q Rxc8 28. Re1 Qf5 29. Qd2 Rc4 30. Qe2 Rc5 31. h4 a5 32. b3 Qg4 33. Qf2 Rf5 34. Qh2 Kg7 35. Rh1 Qd4 36. Qe2 Qg4 37. Qe3 Rd5 38. Qf2 Rf5 39. Qd2 Rf4 40. Qd8 Qf5 41. Qd1 Qd5 42. Qc1 Qd4 43. Rd1 Qe5 44. Re1 Qf5 45. Qb2+ Kg8 46. Rd1 e5 47. Qc1 Rxh4 48. Qe3 Rd4 49. Re1 h4 50. Kb2 h3 51. Re2 Kg7 52. Qg3 Rf4 53. Rh2 Rf3 54. Qh4 Qf4 55. Qh6+ Kg8 56. Rh1 Rf1 57. Rxf1 Qxf1 58. Qd6 Qf4 0-1

[Event "POL-chT Ekstraliga"]
[Site "Lublin"]
[Date "2023.09.26"]
[Round "9.3"]
[White "Kantans, Toms"]
[Black "Janik, Igor"]
[Result "1-0"]
[WhiteElo "2487"]
[BlackElo "2517"]
[PlyCount "117"]
[EventDate "2023.09.18"]
[EventType "team-tourn"]
[EventRounds "9"]
[EventCountry "POL"]
[SourceTitle "EXT 2024"]
[Source "ChessBase"]
[SourceDate "2023.10.10"]
[SourceVersion "1"]
[SourceVersionDate "2023.10.10"]
[SourceQuality "1"]
[WhiteTeam "Gliwice Akademia Szachowa"]
[BlackTeam "Katowice Wasko"]
[WhiteTeamCountry "POL"]
[BlackTeamCountry "POL"]

1. e4 c6 2. d4 d5 3. e5 Bf5 4. Nd2 e6 5. Nb3 Nd7 6. Nf3 Ne7 7. Be2 h6 8. 0-0 Bh7 9. a4 Nf5 10. a5 a6 11. Bd2 Be7 12. c4 dxc4 13. Bxc4 0-0 14. Rc1 Re8 15. Qe2 Nf8 16. Rfd1 Qd7 17. g3 Rad8 18. Bc3 Qc7 19. h4 Nd7 20. h5 Bf8 21. g4 Ne7 22. Bd2 Kh8 23. Nh4 Nd5 24. Qf3 Be7 25. Qg3 Nf8 26. Nf3 f6 27. Re1 Rd7 28. Kh2 Qd8 29. Re2 Rc7 30. Rce1 fxe5 31. dxe5 Bg8 32. g5 hxg5 33. Nxg5 Nh7 34. Nf3 Bf7 35. Rg1 Rg8 36. Qh3 c5 37. Re4 Qe8 38. Bg5 Bxh5 39. Bxe7 Rxe7 40. Ng5 Rf8 41. Rh4 g6 42. Ne4 Rf5 43. Nbxc5 Qc6 44. b4 Nxb4 45. Qb3 Nd5 46. Nd3 Ref7 47. Bxd5 exd5 48. Nd6 Rxf2+ 49. Nxf2 Rxf2+ 50. Rg2 Rxg2+ 51. Kxg2 d4+ 52. Kf2 Qc1 53. Rxd4 Ng5 54. Qe3 Nh3+ 55. Qxh3 Qb2+ 56. Ke3 Qc1+ 57. Ke4 Qc2+ 58. Kd5 Qa2+ 59. Rc4 1-0

[Event "POL-chT Ekstraliga"]
[Site "Lublin"]
[Date "2023.09.22"]
[Round "5.5"]
[White "Kantans, Toms"]
[Black "Polok, Kacper"]
[Result "1/2-1/2"]
[WhiteElo "2487"]
[BlackElo "2284"]
[PlyCount "118"]
[EventDate "2023.09.18"]
[EventType "team-tourn"]
[EventRounds "9"]
[EventCountry "POL"]
[SourceTitle "EXT 2024"]
[Source "ChessBase"]
[SourceDate "2023.10.10"]
[SourceVersion "1"]
[SourceVersionDate "2023.10.10"]
[SourceQuality "1"]
[WhiteTeam "Gliwice Akademia Szachowa"]
[BlackTeam "Raciborz Silesia"]
[WhiteTeamCountry "POL"]
[BlackTeamCountry "POL"]

1. e4 c5 2. Nf3 Nc6 3. d4 cxd4 4. Nxd4 Nf6 5. Nc3 e5 6. Ndb5 d6 7. Bg5 a6 8. Na3 b5 9. Bxf6 gxf6 10. Nd5 Bg7 11. c3 f5 12. Bd3 Be6 13. Qh5 0-0 14. exf5 Bxd5 15. f6 e4 16. fxg7 Re8 17. Be2 Re5 18. Qh6 Qg5 19. Qxg5 Rxg5 20. Nc2 Bc4 21. Ne3 Ne5 22. h4 Rxg7 23. a4 Rb8 24. axb5 axb5 25. b4 Rg6 26. Ra7 Kf8 27. h5 Rg5 28. Rh4 Bxe2 29. Kxe2 Rc8 30. Rxe4 Rxh5 31. f4 f5 32. Nxf5 Rxf5 33. fxe5 dxe5 34. Re3 Rf7 35. Ra5 Rfc7 36. Kd2 Rd8+ 37. Rd3 Rcd7 38. Rxd7 Rxd7+ 39. Kc2 Rb7 40. Kd3 Kf7 41. Ke4 Rc7 42. Rxb5 Rxc3 43. Kxe5 Rg3 44. Rb7+ Kg6 45. Rb8 Kh5 46. Rh8 h6 47. Kd5 Rxg2 48. b5 Rb2 49. Kc6 Kg5 50. b6 Rc2+ 51. Kb7 h5 52. Rc8 Rb2 53. Rc5+ Kg4 54. Kc6 h4 55. b7 Rxb7 56. Kxb7 h3 57. Rc4+ Kg3 58. Rc3+ Kg2 59. Rxh3 Kxh3 1/2-1/2

[Event "POL-chT Ekstraliga"]
[Site "Lublin"]
[Date "2023.09.20"]
[Round "3.5"]
[White "Gumularz, Szymon"]
[Black "Kantans, Toms"]
[Result "1-0"]
[WhiteElo "2587"]
[BlackElo "2487"]
[PlyCount "85"]
[EventDate "2023.09.18"]
[EventType "team-tourn"]
[EventRounds "9"]
[EventCountry "POL"]
[SourceTitle "EXT 2024"]
[Source "ChessBase"]
[SourceDate "2023.10.10"]
[SourceVersion "1"]
[SourceVersionDate "2023.10.10"]
[SourceQuality "1"]
[WhiteTeam "Wroclaw Polonia"]
[BlackTeam "Gliwice Akademia Szachowa"]
[WhiteTeamCountry "POL"]
[BlackTeamCountry "POL"]

1. d4 Nf6 2. c4 e6 3. Nc3 Bb4 4. e3 b6 5. Nge2 Ne4 6. Bd2 Nxd2 7. Qxd2 0-0 8. a3 Be7 9. g3 Ba6 10. b3 c6 11. d5 cxd5 12. cxd5 exd5 13. Nxd5 Nc6 14. Bg2 Na5 15. Qd1 Rc8 16. Ra2 Re8 17. 0-0 Bf8 18. Re1 Qg5 19. Nef4 Qe5 20. h4 Nb7 21. Nb4 Qa5 22. Nxa6 Qxa6 23. Qxd7 Nc5 24. Qf5 Ne6 25. Nxe6 fxe6 26. Qb1 Qb5 27. Bf1 Qe5 28. Rc1 a5 29. Rd1 Red8 30. a4 g6 31. Ba6 Ra8 32. Bc4 Bb4 33. Rd3 Kf8 34. Re2 Ke7 35. Rd4 Rxd4 36. exd4 Qxd4 37. Rxe6+ Kf8 38. Re4 Qc3 39. h5 Ra7 40. hxg6 hxg6 41. Re6 Bc5 42. Qxg6 Rf7 43. Qxf7+ 1-0

[Event "Warsaw Szansa rapid op"]
[Site "Warsaw"]
[Date "2023.09.17"]
[Round "5"]
[White "Kantans, Toms"]
[Black "Czernek, Tymon"]
[Result "1-0"]
[WhiteElo "2487"]
[BlackElo "2332"]
[PlyCount "115"]
[EventDate "2023.09.17"]
[EventType "swiss (rapid)"]
[EventRounds "9"]
[EventCountry "POL"]
[SourceTitle "EXT 2024"]
[Source "ChessBase"]
[SourceDate "2023.10.10"]
[SourceVersion "1"]
[SourceVersionDate "2023.10.10"]
[SourceQuality "1"]

1. e4 c5 2. Nf3 d6 3. Bb5+ Nd7 4. a4 a6 5. Bc4 e6 6. d4 Ngf6 7. Nc3 Be7 8. 0-0 cxd4 9. Nxd4 0-0 10. Qe2 Qc7 11. a5 Ne5 12. Bb3 Nc6 13. Nxc6 bxc6 14. Bg5 Bb7 15. f4 h6 16. Bxf6 Bxf6 17. e5 dxe5 18. f5 exf5 19. Rxf5 c5 20. Raf1 Qd6 21. Rd1 Qe7 22. Nd5 Bxd5 23. Bxd5 Ra7 24. Rdf1 e4 25. Rxf6 gxf6 26. Qg4+ Kh8 27. Qh5 Qe5 28. Qxh6+ Kg8 29. Rf4 Qg5 30. Qxf6 Qxf6 31. Rxf6 Kg7 32. Rc6 f5 33. Rxc5 Kf6 34. g3 Rd8 35. b4 Ke5 36. Bc4+ Kd4 37. Bf1 e3 38. Rxf5 Kc3 39. Re5 Kd2 40. c4 Rf8 41. Rd5+ Ke1 42. Bd3 Re7 43. b5 axb5 44. cxb5 e2 45. b6 Rf1+ 46. Kg2 Rf2+ 47. Kh3 Rf6 48. Rb5 Rg7 49. Re5 Kf2 50. Bxe2 Rh6+ 51. Bh5 Rgh7 52. Kh4 Kg2 53. h3 Rd7 54. Re2+ Kf1 55. Re5 Kf2 56. g4 Rh8 57. Rb5 Rd6 58. a6 1-0

[Event "Warsaw Szansa rapid op"]
[Site "Warsaw"]
[Date "2023.09.17"]
[Round "3"]
[White "Kantans, Toms"]
[Black "Seemann, Pola"]
[Result "1-0"]
[WhiteElo "2487"]
[BlackElo "1685"]
[PlyCount "83"]
[EventDate "2023.09.17"]
[EventType "swiss (rapid)"]
[EventRounds "9"]
[EventCountry "POL"]
[SourceTitle "EXT 2024"]
[Source "ChessBase"]
[SourceDate "2023.10.10"]
[SourceVersion "1"]
[SourceVersionDate "2023.10.10"]
[SourceQuality "1"]

1. e4 c6 2. d4 d5 3. e5 Bf5 4. g4 Bd7 5. Be3 e6 6. Nc3 Bb4 7. h4 c5 8. dxc5 Nc6 9. Nf3 Qa5 10. Be2 Bxc3+ 11. bxc3 Qxc3+ 12. Kf1 Nge7 13. h5 Rd8 14. h6 g6 15. Rb1 Bc8 16. Bg5 Qxc5 17. Bf6 0-0 18. Rb5 Qc3 19. Rb3 Qc5 20. Qd2 d4 21. Qg5 Rfe8 22. Nd2 Nd5 23. Ne4 Qf8 24. Bc4 Nxf6 25. Nxf6+ Kh8 26. Nxe8 Rxe8 27. Rhh3 Na5 28. Qf6+ Kg8 29. Rb4 Bd7 30. Bb5 Bxb5+ 31. Rxb5 Nc4 32. Rxb7 Nd2+ 33. Kg1 Ne4 34. Qf4 Nc5 35. Rxa7 Rd8 36. Rf3 Nd7 37. a4 Qe8 38. a5 Rb8 39. a6 Rb5 40. Ra8 Rb8 41. Rxb8 Nxb8 42. a7 1-0

[Event "Titled Tuesday intern op 05th Sep Early"]
[Site "Chess.com INT"]
[Date "2023.09.05"]
[Round "2"]
[White "Dardha, Daniel"]
[Black "Kantans, Toms"]
[Result "1-0"]
[WhiteElo "2586"]
[BlackElo "2487"]
[PlyCount "49"]
[EventDate "2023.09.05"]
[EventType "swiss (blitz)"]
[EventRounds "11"]
[EventCountry "USA"]
[SourceTitle "EXT 2024"]
[Source "ChessBase"]
[SourceDate "2023.10.10"]
[SourceVersion "1"]
[SourceVersionDate "2023.10.10"]
[SourceQuality "1"]

1. e4 c5 2. Nf3 Nf6 3. d3 Nc6 4. g3 g6 5. Bg2 Bg7 6. 0-0 0-0 7. c3 e5 8. Re1 d5 9. Nbd2 Re8 10. a4 d4 11. Nc4 h6 12. Qc2 Qc7 13. Bd2 Be6 14. cxd4 Nxd4 15. Nxd4 cxd4 16. Rec1 Rac8 17. Qd1 Rb8 18. Bb4 Bxc4 19. Rxc4 Qd7 20. Qf1 b5 21. axb5 Rxb5 22. Rac1 Bf8 23. Rc7 Qe6 24. Bxf8 Rxf8 25. R1c6 1-0